000 006160000a22002050004500
020 _a84-301-0850-5
041 0 _aSPA
082 0 4 _aG 137 T843a
100 1 _aTrobisch, Walter (-1979)
245 1 0 _aEl anhelo de vivir / Walter Trobisch ; Ambrosio López, Traductor
260 _aSalamanca, España : Sígueme
300 _a137 Pag.
500 _aTítulo original : Living with unfulfilled desires
650 1 4 _aJUVENTUD \ RELACIONES HUMANAS \ CONDUCTA SEXUAL
001 706
942 _cBK
999 _c32174
_d32174
336 _atexto
_btxt
_2rdacontent
337 _2rdamedia
_asin mediación
_bn
338 _2rdacarrier
_avolumen
_bnc